000
00304nam a22001337a 4500
008
181012b xxu||||| |||| 00| 0 eng d
020
_a
2900802829459
041
_a
eng
080
_a
941
100
_a
17
101
_a
HIS
245
_a
A History of the American People
_c
Harrell, D.E
942
_2
udc
_c
BK
999
_c
49545
_d
49545